| 000 | 00832ntm a2200217 i 4500 | ||
|---|---|---|---|
| 001 | 189458 | ||
| 003 | ES-MaACL | ||
| 005 | 20250628063408.0 | ||
| 008 | 190603q1660 sp |||| | spa d | ||
| 080 | _a656.62(460) | ||
| 245 | 0 | 0 |
_aHistoria de Toledo por don Pedro de Rojas.... _h[Manuscrito]. |
| 260 | _c[ca. 1660] | ||
| 300 |
_a[2] páginas ; _c21 cm. |
||
| 500 | _aLegado de Federico de Botella y de Hornos | ||
| 650 | 4 |
_aNavegación interior- _zEspaña. _9136585 |
|
| 651 | 4 |
_99444 _aToledo- _xHistoria |
|
| 852 | 4 |
_aES-MaACL _cSPB _hLegado de Federico de Botella y de Hornos _jB-8924(21) _xEncuadernado en un vol. facticio agrupado con el nombre en el lomo: España, geología, memorias y documentos varios 1 a 8 |
|
| 942 |
_2udc _cMANUSCRITO _n0 |
||
| 999 |
_c189458 _d189458 |
||